Представление документа в формате RUSMARC

ПолеНазваниеЗначение
  Тип записи a
  Библиографический уровень m
001 Контрольный номер RuMoRGB-008012802
005 Дата корректировки 20201206205023.5
010 Индекс ISBN __
a ISBN 978-5-699-81442-8 (в пер.)
d Цена 323-40
021 № государственной регистрации __
b № документа 15-68691
100 Данные общей обработки __
a Данные общей обработки 19161121d2015||||||| 1rusy0189 ca
101 Язык документа 1_
a Язык текста rus
c Язык оригинала ger
102 Страна публикации __
a Страна публикации ru|
102 Страна публикации __
a Страна публикации ru
105 Кодированные данные (монография) __
a Кодированные данные (монография) ||||zzzz0||zy
200 Заглавие и сведения об ответственности 1_
a Заглавие Любовь среди рыб
e Сведения, относящиеся к заглавию [роман : 16+]
f Первые сведения об ответственности Рене Фройнд ; [перевод с немецкого Т. Набатниковой]
b Общее обозначение материала Текст
210 Выходные данные __
a Место издания Москва
c Издательство Эксмо
d Дата издания 2015
215 Физическое описание __
a Объем 218, [1] с.
d Формат 21 см
225 Серия __
a Серия Мировой бестселлер
330 Аннотация __
a Аннотация Чтобы спасти свое издательство от банкротства, Сюзанна Бекман готова на все. По иронии судьбы, единственный, кто может ей помочь, - Альфред Фирнайс, знаменитый поэт... а еще социофоб и пьяница. Надежда немецкой поэзии не спешит создать новый шедевр, что совсем не радует Сюзанну, и она уговаривает его отправиться в Альпы. Может быть, там на него снизойдет вдохновение? Но, увы, муза поэта не иначе как заблудилась, и, сидя в хижине вдали от цивилизации, Альфред обдумывает план побега. И тут - о, чудо! - он знакомится с Марой, молодым биологом, изучающим озерных рыбок. Поэт окрылен и уже не думает о возвращении домой. Но Мара исчезла столь же внезапно, как появилась. Неужели у этой истории будет грустный финал? Ведь никто, кроме Мары, не поможет Альфреду, а значит, и Сюзанне.
333 Примечание о целевом назначении __
a Примечание о целевом назначении 16+. Для детей старше 16 лет
606 Тематические рубрики __
a Основная рубрика Художественная литература
606 Тематические рубрики __
a Основная рубрика Литература Европы (произведения)
y Географическая подрубрика Австрия
610 Ключевые слова __
a Ключевые слова австрийская литература
a Ключевые слова зарубежная литература
a Ключевые слова иностранная литература
a Ключевые слова тема взаимоотношений
a Ключевые слова тема водоемов
a Ключевые слова тема любви
a Ключевые слова тема поэтов
a Ключевые слова тема рыб
a Ключевые слова тема судьбы
a Ключевые слова тема творчества
686 Индексы других классификаций __
2 Код системы rubbks
a Классификационный индекс 84(4Авс)6-4
700 Автор _1
a Фамилия Фройнд
b Имя Р. М.
f Даты 1967-
g Полное личное имя Рене Максимилиан
4 Код отношения 070
702 Вторичная интеллектуальная ответственность _1
a Фамилия Набатникова
b Имя Т.
4 Код отношения Переводчик
4 Код отношения 730
801 Источник записи _0
a Страна ru
b Организация Муниципальное бюджетное учреждение культуры "Централизованная библиотечная система" г. Сургут (Центральная городская библиотека им. А. С. Пушкина)
c Дата составления 20161121
g Правила каталогизации КиК/Коробейникова
801 Источник записи _1
a Страна ru
b Организация Муниципальное бюджетное учреждение культуры "Централизованная библиотечная система" г. Сургут (Центральная городская библиотека им. А. С. Пушкина)
c Дата составления 20161121
g Правила каталогизации КиК/Коробейникова
852 Данные о местонахождении __
j Шифр хранения 84(4Авс)6-4
i Авторский знак Ф 91
901 Тип документа __
t Тип документа m
903 Характеристики (МАРС) __
a Дата передачи 20161121
990 Данные о заказе (DOS) __
j Количество экземпляров (DOS) 6
t N записи в КСУ для И/У (DOS) 201611